Great educationist : (Record no. 169211)

MARC details
000 -LEADER
fixed length control field 00619nam a2200193 4500
005 - DATE AND TIME OF LATEST TRANSACTION
control field 20191108115336.0
010 ## - LCCN (DPL NO)
LC control number ENG-126867
020 ## - INTERNATIONAL STANDARD BOOK NUMBER
International Standard Book Number 9788196303535
Terms of availability 695.00
035 ## - SYSTEM CONTROL NUMBER
System control number EN-110399
037 ## - SOURCE OF ACQUISITION
Source of stock number/acquisition DBAD/PUB
082 ## - DEWEY DECIMAL CLASSIFICATION NUMBER
Classification number 920
100 ## - MAIN ENTRY--PERSONAL NAME
Personal name Dubey, Garima
245 ## - TITLE STATEMENT
Title Great educationist :
Statement of responsibility, etc by Garima Dubey
Remainder of title Pt. Madan Mohan Malaviya /
260 ## - PUBLICATION, DISTRIBUTION, ETC. (IMPRINT)
Place of publication, distribution, etc Delhi
Name of publisher, distributor, etc Vikram Prakashan
Date of publication, distribution, etc 2019
270 ## - ADDRESS
Address E-11/5, Krishna Nagar, Delhi
City Delhi
Postal code 110051
Telephone number 7065961628, 9350345268
300 ## - PHYSICAL DESCRIPTION
Extent viii;239p.
Dimensions 22cm(Hb)
500 ## - GENERAL NOTE
General note Includes bibliographical references and index
942 ## - ADDED ENTRY ELEMENTS (KOHA)
Source of classification or shelving scheme Dewey Decimal Classification
Item type English Books
Classification part 920
Call number suffix DUB
Holdings
Withdrawn status Lost status Not for loan Collection code Home library Current library Date acquired Source of acquisition Cost, normal purchase price Full call number Barcode Copy number Cost, replacement price Koha item type
      Non-fiction Central Library Central Library 08/11/2019 DBAD/PUB 695.00 920 DUB EN-110399 DBAD/PUB 695.00 English Books

© Delhi Public Library
Hit Counter
free hit counter